| 000 -Etiqueta do registo | |
|---|---|
| campo de controlo de comprimento fixo | 011580000a22002770004500 |
| 001 - Identificador do registo | |
| Campo de controlo | 52181 |
| 010 ## - ISBN | |
| Número (ISBN) | 978-989-552-383-2 |
| 021 ## - Nº depósito legal | |
| Código do país | Portugal |
| Número | 279253/08 |
| 100 ## - Dados Gerais de Proc. | |
| Dados gerais de processamento | 20180514d2018 k y0pory5003 ba |
| 101 0# - Língua da publicação | |
| Língua do texto, banda sonora, etc. | Português |
| 102 ## - País de Publicação | |
| País de publicação | Portugal |
| 200 1# - Título | |
| Título próprio | Um coração simples |
| -- | Seguido de A lenda de São Julião hospitaleiro |
| Primeira menção de responsabilidade | Gustave Flaubert |
| Outras menções de responsabilidade | trad. Maria Emanuel Côrte-Real, Júlio Machado |
| 210 ## - Publicação, Distribuição | |
| Lugar da edição, distribuição, etc. | Vila Nova de Famalicão |
| Nome do editor, distribuidor, etc. | Quasi |
| Data da publicação, distribuição, etc. | 2008 |
| 215 ## - Descrição física | |
| Descrição física | 93, [3] p. |
| 304 ## - Título e responsabilidade | |
| Texto da nota | Título original: Un coeur simple. La légende de Saint-Julien l'hospitalier |
| 606 ## - Nome comum | |
| Koha Internal code | 2081 |
| Elemento de entrada | Literatura estrangeira |
| Subdivisão de assunto | Conto |
| 675 ## - CDU | |
| Notação | 821.133.1-34 |
| Edição | BN |
| Língua da edição | Português |
| 700 #1 - Responsabilidade principal | |
| Koha Internal Code | 20100 |
| Palavra de ordem | Flaubert |
| Outra parte do nome | Gustav |
| Datas | 1821-1880 |
| 702 #1 - Responsabilidade secundária | |
| Koha Internal Code | 15314 |
| Código de função | Tradutor |
| Palavra de ordem | Côrte-Real |
| Outra parte do nome | Maria Emanuel |
| 702 ## - Responsabilidade secundária | |
| Koha Internal Code | 28989 |
| Código de função | Tradutor |
| Palavra de ordem | Machado |
| Outra parte do nome | Júlio |
| 801 ## - Fonte de origem | |
| País | Portugal |
| Data da última transacção | 20180514 |
| 856 ## - Localização e acesso electrónico | |
| URL | <a href="https://www.ebiografia.com/gustave_flaubert/">https://www.ebiografia.com/gustave_flaubert/</a> |
| Nota para informação ao público | mais informação |
| 859 ## - Imagem da capa | |
| Uniform Resource Location (URL) | https://static.fnac-static.com/multimedia/PT/images_produits/PT/ZoomPE/2/3/8/9789895523832/tsp20100616152901/Um-Coracao-Simples.jpg |
| Nota informativa | capa |
| 090 ## - Números de controlo do sistema (Koha) | |
| Número biblioitem do Koha (gerado automaticamente) | 52181 |
| 942 ## - Elementos de entrada adicionados (Koha) | |
| Tipo de item no Koha | Monografias |
| Suprimido | Disponível no OPAC |
| 999 ## - Campo local | |
| Campo local | 52181 |
| Removido (estado) | Perdido (estado) | Data de aquisição | Origem do registo (biblioteca) (codificado) | Código da organização que empresta ou é detentora (biblioteca) | Código de barras | Número de inventário | Cota | Tipo de circulação (não pode ser emprestado) | Tipo de item e material |
|---|---|---|---|---|---|---|---|---|---|
| Disponível | Disponível | 2018-05-14 | Biblioteca EB23 D. Paio Peres Correia | Biblioteca EB23 D. Paio Peres Correia | BEBDPPC7664 | 7664 | 82.03-34 FLA | Normal | Monografias |
| Abatido | Perdido | 2020-11-26 | Biblioteca EB23 D. Paio Peres Correia | Biblioteca EB23 D. Paio Peres Correia | BEBDPPC9376 | 9376 | 82.03-34 FLA | Normal | Monografias |
| Disponível | Disponível | 2021-06-16 | Biblioteca EB23 D. Paio Peres Correia | Biblioteca EB23 D. Paio Peres Correia | BEBDPPC5823 | 5823 | 82.03-34 FLA | Normal | Monografias |